| 000 | 00578nam a2200217 a 4500 | ||
|---|---|---|---|
| 001 | BRCA_7014 | ||
| 005 | 20190321142924.0 | ||
| 008 | 251111s1893----gw-ad#####---#000-0#ger-# | ||
| 041 | _ager | ||
| 044 | _agw | ||
| 050 | 4 | _b.G64 1893 | |
| 245 | 1 | 0 |
_aAnleitung zur spektralanalyse _cvon Dr. C. Gänge |
| 260 |
_aLeipzig _bQuant & Händel _c1893 |
||
| 300 |
_a96 p. _bil. _c19 cm. |
||
| 500 | _aEstado físico: lomo roto y cubiertas desperendidas. | ||
| 500 | _aO23 | ||
| 650 | 1 | 4 |
_aAnálisis espectral _917447 |
| 700 | 1 |
_aGänge, C. _917448 |
|
| 902 | _aGFM | ||
| 942 |
_2lcc _cB |
||
| 999 |
_c6695 _d6695 |
||